| 000 | 00821nam a2200205 a 4500 | ||
|---|---|---|---|
| 001 | 000043747 | ||
| 005 | 20240402134029.0 | ||
| 008 | 140422s2009 dr 000 0 spa d | ||
| 020 | _a9789993444718 | ||
| 040 |
_aDO-SdBNP _bspa _cBNPHU |
||
| 082 |
_a347.7293 _bV648f |
||
| 100 | 1 |
_aPotentini Adames, Trajano Vidal _973577 |
|
| 245 | 1 | 0 |
_aFormularios de los procedimientos Civil y Comercial Dominicano / _cTrajano Vidal Potentini. |
| 260 |
_aMoca, República Dominicana : _bEditora Dalis, _c2009. |
||
| 300 |
_av. ; _c24 cm. |
||
| 500 | _aLa biblioteca posee la sexta reimpresión de la primera edición del 1998 | ||
| 500 | _aLa biblioteca posee el v. 1-2 | ||
| 650 | 4 |
_aProcedimiento civil _zRepública Dominicana _xFormularios _971575 |
|
| 650 | 4 |
_aLos tribunales de comercio _zReública Dominicana _xFormularios _971576 |
|
| 999 |
_c43236 _d43236 |
||